Power systems control and reliability : (Record no. 28275)
[ view plain ]
| 000 -LEADER | |
|---|---|
| fixed length control field | 01325nam a2200277 i 4500 |
| 003 - CONTROL NUMBER IDENTIFIER | |
| control field | CSPC |
| 005 - DATE AND TIME OF LATEST TRANSACTION | |
| control field | 20241007171204.0 |
| 008 - FIXED-LENGTH DATA ELEMENTS--GENERAL INFORMATION | |
| fixed length control field | 241003s2020 onca b 001 0 eng d |
| 020 ## - INTERNATIONAL STANDARD BOOK NUMBER | |
| International Standard Book Number | 9781774635155 |
| 040 ## - CATALOGING SOURCE | |
| Transcribing agency | CSPC |
| Original cataloging agency | CSPC |
| Language of cataloging | eng |
| Description conventions | rda |
| 050 #4 - LIBRARY OF CONGRESS CALL NUMBER | |
| Classification number | TK1001 |
| Item number | .Q36 2020 |
| 082 #4 - DEWEY DECIMAL CLASSIFICATION NUMBER | |
| Classification number | 621.31 |
| Item number | Q11p |
| Edition number | 23 |
| 100 1# - MAIN ENTRY--PERSONAL NAME | |
| Personal name | Qamber, Isa S., |
| Relator term | author. |
| 245 10 - TITLE STATEMENT | |
| Title | Power systems control and reliability : |
| Remainder of title | electric power design and enhancement / |
| Statement of responsibility, etc. | Isa S. Qamber. |
| 264 #1 - PRODUCTION, PUBLICATION, DISTRIBUTION, MANUFACTURE, AND COPYRIGHT NOTICE | |
| Place of production, publication, distribution, manufacture | Burlington, Ontario : |
| Name of producer, publisher, distributor, manufacturer | Apple Academic Press Inc., |
| Date of production, publication, distribution, manufacture, or copyright notice | 2020. |
| 300 ## - PHYSICAL DESCRIPTION | |
| Extent | xii, 280 pages : |
| Other physical details | illustrations ; |
| Dimensions | 23 cm. |
| 336 ## - CONTENT TYPE | |
| Content type term | text |
| Source | rdacontent |
| 337 ## - MEDIA TYPE | |
| Media type term | unmediated |
| Source | rdamedia |
| 338 ## - CARRIER TYPE | |
| Carrier type term | volume |
| Source | rdacarrier |
| 504 ## - BIBLIOGRAPHY, ETC. NOTE | |
| Bibliography, etc. note | Includes bibliographical references and index. |
| 505 0# - FORMATTED CONTENTS NOTE | |
| Formatted contents note | Introduction and literature review -- Power system control -- Economic dispatch -- Overview of power system reliability -- Power systems reliability -- Generating systems reliability indices -- Building power plant -- Transient probabilities solution -- Load forecasting -- Power systems reliability applications. |
| 650 #0 - SUBJECT ADDED ENTRY--TOPICAL TERM | |
| Topical term or geographic name entry element | Electric power systems. |
| 650 #0 - SUBJECT ADDED ENTRY--TOPICAL TERM | |
| Topical term or geographic name entry element | Reliability (Engineering). |
| 942 ## - ADDED ENTRY ELEMENTS (KOHA) | |
| Source of classification or shelving scheme | Dewey Decimal Classification |
| Suppress in OPAC | No |
| Koha item type | Books |
| Classification part | 621.31 |
| Call number prefix | GRD |
| Call number suffix | 2020 |
| Edition | 23 |
| Withdrawn status | Lost status | Source of classification or shelving scheme | Damaged status | Not for loan | Home library | Current library | Shelving location | Date acquired | Total Checkouts | Full call number | Barcode | Date last seen | Copy number | Price effective from | Koha item type |
|---|---|---|---|---|---|---|---|---|---|---|---|---|---|---|---|
| Dewey Decimal Classification | Main Library | Main Library | Graduate School Library | 10/03/2024 | GRD 621.31 Q11p 2020 | 028342 | 10/03/2024 | 1-1 | 10/03/2024 | Books |